Besonders spannungsreiches Spektrum

Titel: Besonders spannungsreiches Spektrum : Lovis-Corinth-Preis 1985: Des großen Ostpreußen Preis (fast) fest in ostpreußischer Hand
Verfasser:
In: ˜Dasœ Ostpreußenblatt, Band 36, Heft 51/52 (1985), Seite 11
alle Artikel anzeigen
Veröffentlicht: 1985
Format: Aufsatz
Sprache: Deutsch
Kein Bild verfügbar
X
alg: 39189926
001A    $01999:11-11-16 
001B    $01999:16-05-21 $t20:16:59.000 
001C    $06050:19-11-16 $t09:17:44.000 
001D    $01999:11-11-16 
001U    $0utf8 
001X    $00 
002@    $0Aox 
003@    $0391899260 
007A    $0391899260 $aHEB 
007T    $0Herd23269 
010@    $ager 
011@    $a1985 
021A    $aBesonders spannungsreiches Spektrum $dLovis-Corinth-Preis 1985: Des großen Ostpreußen Preis (fast) fest in ostpreußischer Hand 
028A    $aLampl $dGeorg 
031A    $d36 $e51/52 $h11 $j1985 
037A    $aVerleihung an Norbert Ernst Dolezich und Fred Thieler 
039B    $aIn $8--Abvc--. Das @Ostpreußenblatt. - Hamburg : Landsmannschaft, 1950-2003. - ISSN 0947-9597 $x198500000360051989 $9047780835 
045F    $a306.094382 $eDDC23BSB 
045F/01 $a306.09 
045F/03 $g4382 
045F/03 $g43832 
045T    $a7,41 $a8,1 

lok: 39189926 78

exp: 39189926 78 1 #EPN
201B/01 $026-10-20 $t22:56:59.000 
201U/01 $0utf8 
203@/01 $0787994863 
208@/01 $a11-11-16 $be 
209A/01 $a/ $f000 $x00 
220C/01 $aTitelaufnehmer: kl 
244Z/01 $2Trx $#Prusy Wschodnie i Zachodnie $8--Trx--Ost- und Westpreußen $x01 $939113373X 
244Z/01 $aGeschichte 1985 $x02 
244Z/01 $#Dolezich, Norbert Ernst $#Dolezich, Norbert E. $7118526545 $8--Tp1--Dolezich, Norbert$Z1906-1996 $x03 $9086867636 
244Z/01 $2Trx $8--Trx--Thieler, Fred$Z1916-1999 $x04 $9390814547 
244Z/01 $2Trx $#maalrid $#dailininkai $#painters artists $#festö $#malarze artyści $#maliari $#malíři $8--Trx--Maler$gKünstler $x05 $9391383302 
244Z/01 $2Trx $#auavaldused $#apdovanojimai $#distinctions $#megtiszteltetések $#nagrody i wyróżnienia $#ocenenia $#uctění $#Kulturpreise $#wyróżnienia $#ceny kultúry $8--Trx--Ehrungen $x06 $9391361813 
244Z/01 $2Trx $8--Trx--Zeitschriftenaufsatz $x07 $9391384341 
245Z/01 $a11.01 $x01 
247C/01 $82080>Marburg/Lahn, Herder-Institut, Forschungsbibliothek, Bibliographieportal $9336309341
LEADER 00000caa a22000002c 4500
001 391899260
003 DE-603
005 20210516201659.0
007 tu
008 161111s1985 xx |||| | u00||u|ger c
035 |a (DE-599)HEB391899260 
040 |a DE-603  |b ger  |c DE-603  |d DE-603 
041 |a ger 
082 0 4 |8 1\u  |a 306.094382  |q DE-101  |2 23/BSB 
084 |a 7,41  |a 8,1  |2 ssgn 
085 |8 1\u  |b 306.09 
085 |8 1\u  |z 2  |s 4382 
085 |8 1\u  |z 2  |s 43832 
100 1 |a Lampl, Georg 
245 0 0 |a Besonders spannungsreiches Spektrum  |b Lovis-Corinth-Preis 1985: Des großen Ostpreußen Preis (fast) fest in ostpreußischer Hand 
264 0 |c 1985 
500 |a Verleihung an Norbert Ernst Dolezich und Fred Thieler 
773 0 8 |i In  |t ˜Dasœ Ostpreußenblatt  |d Hamburg : Landsmannschaft, 1950-2003  |x 0947-9597  |g Band 36, Heft 51/52 (1985), Seite 11  |w (DE-603)047780835  |w (DE-600)529299-2 
924 0 |9 2080  |a (DE-603)787994863  |b DE-2080  |c HES  |d d  |g /